| 000 | 00940cab a2200253 4500 | ||
|---|---|---|---|
| 001 | WB2915-45 | ||
| 008 | 090401t1993 xxu||||| |||| 00| 0 eng d | ||
| 035 | _a(Sirsi) u6101 | ||
| 041 | _aeng | ||
| 245 | _aSharing residential accommodation | ||
| 260 | _c1993 | ||
| 350 | _a0 | ||
| 490 |
_aEstates Gazette _v(9315) 17 April 1993, 144(1) |
||
| 520 | _aNotes on the lack of protection under the Housing Act 1988 for tenants sharing accommodation with the landlord and the limited protection under Rent Act 1977. Refers to "Gray v Brown" 1993. | ||
| 650 | _aEXCLUSIVE OCCUPATION | ||
| 650 | _aGRAY V BROWN | ||
| 650 | _aHOUSING ACT 1988 | ||
| 650 | _aRENT ACT 1977 | ||
| 650 | _aPROPERTY-RESIDENTIAL PROPERTY-RESIDENTIAL LANDLORD AND TENANT-RESIDENTIAL TENANCIES | ||
| 650 | _aRIGHT TO SHARE | ||
| 690 | _aPROPERTY-RESIDENTIAL PROPERTY-RESIDENTIAL LANDLORD AND TENANT-RESIDENTIAL TENANCIES | ||
| 942 | _n0 | ||
| 948 | _c04/03/1997 | ||
| 999 |
_c3661 _d3661 |
||